00485 a2200169 4500001000700000020001800007040003500025100002000060240002600080245002100106300001100127362000900138697003200147942000700179952011000186999001900296156363 a9788575552858 cEscola São Tomás de Aquino aBRANDÃO, Toni10aOs recicláveislpor10aOs recicláveis a207 p.0 a2012 a*LITERATURA INFANTO JUVENIL cBK 00104070a12.22b12.22d2024-04-30l0o028.53 BRA RECpEST00010520r2024-04-30 22:13:37w2024-04-30yBK c156363d156363